Ultrasonication-assisted coating of nano-precipitated CaCO[3] with stearic acid /
Saved in:
| 主要作者: | |
|---|---|
| 格式: | Thesis 圖書 |
| 語言: | English |
| 出版: |
2009.
|
| 主題: | |
| 標簽: |
添加標簽
沒有標簽, 成為第一個標記此記錄!
|
| LEADER | 01117cam a2200289 a 4500 | ||
|---|---|---|---|
| 001 | u783849 | ||
| 003 | SIRSI | ||
| 005 | 200912310927 | ||
| 008 | 091231s2009 my t 000 0 eng m | ||
| 040 | |a UMM |d UMJ | ||
| 090 | |a TA7 |b UM 2009 Kow | ||
| 097 | |a TA7 |b UM 2009 Kow | ||
| 100 | 1 | |a Kow, Kien Won. | |
| 245 | 1 | 0 | |a Ultrasonication-assisted coating of nano-precipitated CaCO[3] with stearic acid / |c Kow Kien Woh. |
| 260 | |c 2009. | ||
| 300 | |a xvi, 152, [12] leaves : |b ill. ; |c 30 cm. | ||
| 500 | |a [3] represented as subscript. | ||
| 502 | |a Dissertation (M.Eng.Sc.) -- Jabatan Kejuruteraan Kimia, Fakulti Kejuruteraan, Universiti Malaya, 2009. | ||
| 504 | |a Bibliography: leaves 147-152. | ||
| 650 | 0 | |a Ultrasonics. | |
| 650 | 0 | |a Nanostructured materials. | |
| 650 | 0 | |a Nanotechnology. | |
| 710 | 2 | |a Universiti Malaya. |b Jabatan Kejuruteraan Kimia. | |
| 900 | |a ZSA-ZA | ||
| 596 | |a 1 7 | ||
| 999 | |a TA7 UM 2009 KOW |w LC |c 1 |i A513602325 |d 28/1/2010 |f 28/1/2010 |g 1 |l STACKS |m P01UTAMA |r Y |s Y |t TESIS |u 26/1/2010 | ||
| 999 | |a TA7 UM 2009 KOW |w LC |c 1 |i A510816450 |d 23/4/2010 |f 23/4/2010 |g 1 |l STACKS |m P07JURUTER |r Y |s Y |t TESIS |u 7/4/2010 | ||
